000 00333nam a2200145Ia 4500
008 150201s2003 xx 000 0 und d
082 _a611
_bH2003S
100 _aSOM.PETER M.
245 _aHEAD & NECK IMAGING V-1
250 _a4TH
260 _bMOSBY
_aNEW DELHI
_c2003
300 _a1-1050
650 _aANATOMY
942 _2ddc
_cBK
999 _c3882
_d3882